La vida útil de pillo polilla /

Guardado en:
Autor Principal: Mansour Manzur, Vivian
Otros Autores: Lara, David; il.
Formato: Libro
Publicado: Buenos Aires : Macmillan, 2014
Series:Castillo
Materias:
Etiquetas: Agregar Etiqueta
Sin Etiquetas, Sea el primero en etiquetar este registro!
LEADER 00813nam a22002415a 4500
001 CEM.cems015202
008 130507s2014##################000#0#####d
005 20220926151225.0
245 1 0 |a La vida útil de pillo polilla /  |c Vivian Mansour Manzur ; ilustrado Por David Lara 
260 |a Buenos Aires :  |b Macmillan,  |c 2014 
300 |a 104 p. 
490 0 |a Castillo 
020 |a 9789876722216 
100 1 |a Mansour Manzur, Vivian 
700 1 |a Lara, David; il. 
082 0 4 |a M868.4 
653 |a Literatura 
653 |a Literatura mexicana 
653 |a Literatura infantil 
653 |a Cuentos infantiles 
653 |a Colección ciencias de la educación 
859 |a CEMS  |b BIB. CEMS - Inicial y Primaria  |h M868.4  |i M759  |k IP  |p 5488  |t Ej.1 
859 |a CEMS  |b BIB. CEMS - Ccias. Educacion  |h M868.4  |i M759-1  |k CE  |p 28385.19  |t Ej.1